| 000 | 00358nam a22001577a 4500 | ||
|---|---|---|---|
| 999 |
_c16691 _d16691 |
||
| 003 | NUST | ||
| 008 | 131217t xxu||||| |||| 00| 0 eng d | ||
| 020 | _a1-85326-028-2 | ||
| 038 | _aASAB | ||
| 082 | _aFic | ||
| 100 |
_aJane Austen _913531 |
||
| 245 |
_aEmma _cJane Austen |
||
| 260 |
_aBerkshire _bPenguin books _c1994 |
||
| 300 | _a367 P | ||
| 942 |
_2ddc _cBK |
||